| 000 | 00607nam a2200217Ia 4500 | ||
|---|---|---|---|
| 005 | 20241129111010.0 | ||
| 008 | 241129s9999||||xx |||||||||||||| ||und|| | ||
| 020 | _a978-1-60887-107-0 | ||
| 037 | _aTB | ||
| 040 |
_aCRL _beng _cCRL |
||
| 041 |
_aeng _2eng |
||
| 084 |
_aQ2216 Q2 _qCRL |
||
| 100 |
_aPrime Ranchor Au. _9723113 |
||
| 245 | 0 |
_aBirth of Kirtan: the life and teachings of Chaitanya _cPrime Ranchor Au. |
|
| 260 |
_aCalifornia, USA _bMandala _c2012 |
||
| 300 | _axviii,169p. | ||
| 365 |
_aUSD _b29.99 |
||
| 650 | _aReligion | ||
| 942 |
_cTB _hQ2216 Q2 |
||
| 999 |
_c1228469 _d1228469 |
||